01129agaaa2200265 45000010005000000030009000050050017000140070009000310080040000400400023000800410013001031000045001161300051001612450163002122500022003752600115003973000033005125080057005455200043006025380016006455460013006616500069006747000057007437000063008005042IT-RoPAU20220918181300.0d cvaizq50131s9999||||xx ||| | || ||und|| aIT-RoPAUcIT-RoPAU aITALIANO aCarolei JoegCodice regista SPICS: 38210 aCOME NASCE UN CAPOLAVORO: LA BELLA E LA BESTIA aCOME NASCE UN CAPOLAVORO: LA BELLA E LA BESTIAcDiretto da: Carolei JoepCOME NASCE UN CAPOLAVORO: LA BELLA E LA BESTIA (Rif. Codice opera principale : B5042) aEdizione Standard aMILANO (ITALIA)bWALT DISNEY COMPANY / Distribuzione: RAI UNOg"1991 (1° ed.: 1992 ; Ed. Lingua Orig.: 1991)" aVHSbsonoro, col.c30 minuti a"Fotografia: Miles Simon; Montaggio: Pages Ray J.; " aNASCITA DEL FILM LA BELLA E LA BESTIA. aPAL, STEREO aITALIANO aDOCUMENTARIOeSTUDI SUL CINEMA [VHS]xCodice MATERIA SPICS: 9959 aCarolei Joe e(regista)gCodice regista SPICS: 38210 aTausani Giorgio e(soggetto)gCodice Soggetto SPICS: 38211